| 000 | 00364nam a22001457a 4500 | ||
|---|---|---|---|
| 003 | SGT | ||
| 082 |
_a615 _bA11M |
||
| 100 | _a MINISTRY OF HEALTH & FAMILY WELFARE. | ||
| 245 | _aTHE AYURVEDIC FORMULARY OF INDIA | ||
| 250 | _a1ST | ||
| 260 |
_aDELHI _b MINISTRY OF HEALTH & FAMILY WELFARE. _c2011 |
||
| 300 | _a710 | ||
| 650 | _aAYURVEDA FORMULARY | ||
| 942 |
_2ddc _cBK |
||
| 999 |
_c8634 _d8634 |
||